Famous Murder Trials (Record no. 695237)

MARC details
000 -LEADER
fixed length control field 00318nam a2200121Ia 4500
008 - FIXED-LENGTH DATA ELEMENTS--GENERAL INFORMATION
fixed length control field 230627s9999 xx 000 0 und d
041 ## - LANGUAGE CODE
Language code of text/sound track or separate title mar
082 ## - DEWEY DECIMAL CLASSIFICATION NUMBER
Classification number 345.025 23
Item number DAS
100 ## - MAIN ENTRY--PERSONAL NAME
Personal name Das P. K.
245 ## - TITLE STATEMENT
Title Famous Murder Trials
260 ## - PUBLICATION, DISTRIBUTION, ETC.
Place of publication, distribution, etc. Delhi
Name of publisher, distributor, etc. Universal Law Publishing Co. Pvt. Ltd.
Date of publication, distribution, etc. 2007
300 ## - PHYSICAL DESCRIPTION
Extent XII+429p
Holdings
Withdrawn status Lost status Damaged status Not for loan Collection Home library Current library Shelving location Date acquired Cost, normal purchase price Total Checkouts Full call number Barcode Date last seen Price effective from Koha item type
        NLP LL.B New Law College, Pune New Law College, Pune NLP-Rack No-19 31/03/2008 225.00   345.025 23 DAS NLP-N25899 17/07/2023 17/07/2023 Book